|
|
|
|
| LEADER |
00000nab a22000005a 4500 |
| 001 |
AR-BbUGT10115 |
| 003 |
AR-BbUGT |
| 005 |
20200701130256.0 |
| 007 |
ta |
| 008 |
171018s2016||||ag |||p |||| 0|||||spa d |
| 999 |
|
|
|c 15651
|d 15651
|
| 040 |
|
|
|a AR-BbUGT
|c AR-BbUGT
|
| 100 |
1 |
|
|a Araya Ojeda, Marcelo.
|
| 245 |
1 |
0 |
|a Variabilidad hidrológica en la región de Biobío :
|b los eventos El Niño en zonas templadas de Chile /
|c Marcelo Araya Ojeda, Federico Ignacio Isla.
|
| 530 |
|
|
|a Disponible también en formato digital.
|
| 653 |
|
|
|a Región del Biobío (Chile)
|
| 653 |
|
|
|a Crecidas ENSO
|
| 653 |
|
|
|a Regímenes hidrológicos
|
| 700 |
1 |
|
|a Isla, Federico
|9 851
|
| 773 |
0 |
|
|o R7568.44
|g Vol. 25, no. 1 (2016), p. 31-55
|t Revista Universitaria de Geografía
|x 0326-8373
|w AR-BbUGT7010
|
| 773 |
1 |
|
|o R7569.44
|w AR-BbUGT7010
|
| 773 |
1 |
|
|o R7570.44
|w AR-BbUGT7010
|
| 773 |
1 |
|
|o R7571.44
|w AR-BbUGT7010
|
| 773 |
1 |
|
|o R7572.44
|w AR-BbUGT7010
|
| 856 |
4 |
1 |
|3 Texto completo.
|u https://www.redalyc.org/articulo.oa?id=383246150003
|y Red de Información Científica Redalyc.
|
| 942 |
|
|
|2 ddc
|c ARTPP
|